000 00289nam a22001337a 4500
008 170703b xxu||||| |||| 00| 0 eng d
020 _a9780195308518
041 _aeng
080 _23RD
_a82
100 _a22
101 _aGJL
245 _aTHE MORAL LIFE
_cPOJMAN, L.P
942 _2udc
_cBK
999 _c19874
_d19874